000 00403nam a2200181Ia 4500
008 210210b1956 xxu||||| |||| 00| 0 eng d
041 _aeng
082 _a825/900
100 _aWELLEK
245 _aTheory of literature
260 _aUSA
_bPenguin Books
_c1956
650 _aTheory
650 _aof
650 _aliterature
690 _aEnglish Criticism
700 _aWARREN
906 _a015215
999 _c134532
_d134532